<?xml version='1.0' encoding='UTF-8'?>
  <record xmlns="http://www.loc.gov/MARC21/slim">
    <leader>00000cam a22000007i 4500</leader>
    <controlfield tag="001">ocm67988248</controlfield>
    <controlfield tag="003">OCoLC</controlfield>
    <controlfield tag="005">20231213210205.5</controlfield>
    <controlfield tag="008">980526s1585    gw            000 0 ger d</controlfield>
    <datafield tag="040" ind1=" " ind2=" ">
      <subfield code="a">NLGGC</subfield>
      <subfield code="b">eng</subfield>
      <subfield code="e">rda</subfield>
      <subfield code="e">dcrmr</subfield>
      <subfield code="c">NLGGC</subfield>
      <subfield code="d">QGJ</subfield>
      <subfield code="d">OCLCL</subfield>
    </datafield>
    <datafield tag="029" ind1="0" ind2=" ">
      <subfield code="a">NLGGC</subfield>
      <subfield code="b">169941256</subfield>
    </datafield>
    <datafield tag="035" ind1=" " ind2=" ">
      <subfield code="a">(OCoLC)67988248</subfield>
    </datafield>
    <datafield tag="245" ind1="0" ind2="0">
      <subfield code="a">Gründtlicher Bericht und Anzeig Einer warhafften Histori, welcher massen zu Schmidtweyler, in deß Durchleuchtigsten Hochgebornen Fürsten und Herrn, Herrn Johann Casimirs, Pfaltzgraffen bey Rhein, Vormunds, un[d] der Churfürstlichen Pfaltz Administrators, Hertzogs in Beyern, [et]c. Oberkeit und Bericht Kobelberg gelegen, ein Mägdelin siben Jahr lang weder gessen noch getruncken, und doch von Gott wunderbarlicher weyß bey Leben erhalten worden :</subfield>
      <subfield code="b">Auß Befelch der Oberkeit, damit menniglich die Wunderwerck Gottes zu behertzigen, und ihne darfür zu preisen Ursach habe, In offnen Truck verfertiget</subfield>
    </datafield>
    <datafield tag="246" ind1="3" ind2=" ">
      <subfield code="a">Gründtlicher Bericht vnd Anzeig Einer warhafften Histori, welcher massen zu Schmidtweyler</subfield>
    </datafield>
    <datafield tag="264" ind1=" " ind2="1">
      <subfield code="a">Getruckt in der Churfürstlichen Statt Heydelberg, :</subfield>
      <subfield code="b">durch Jacob Müller.,</subfield>
      <subfield code="c">M.D.LXXXV. [1585]</subfield>
    </datafield>
    <datafield tag="300" ind1=" " ind2=" ">
      <subfield code="a">12 unnumbered leaves ;</subfield>
      <subfield code="c">21 cm (4to)</subfield>
    </datafield>
    <datafield tag="336" ind1=" " ind2=" ">
      <subfield code="a">text</subfield>
      <subfield code="b">txt</subfield>
      <subfield code="2">rdacontent</subfield>
    </datafield>
    <datafield tag="337" ind1=" " ind2=" ">
      <subfield code="a">unmediated</subfield>
      <subfield code="b">n</subfield>
      <subfield code="2">rdamedia</subfield>
    </datafield>
    <datafield tag="338" ind1=" " ind2=" ">
      <subfield code="a">volume</subfield>
      <subfield code="b">nc</subfield>
      <subfield code="2">rdacarrier</subfield>
    </datafield>
    <datafield tag="340" ind1=" " ind2=" ">
      <subfield code="m">4to</subfield>
      <subfield code="2">rdabf</subfield>
    </datafield>
    <datafield tag="500" ind1=" " ind2=" ">
      <subfield code="a">Printer's device on leaf C3v.</subfield>
    </datafield>
    <datafield tag="500" ind1=" " ind2=" ">
      <subfield code="a">Signatures: A-C⁴ (C4 is blank).</subfield>
    </datafield>
    <datafield tag="500" ind1=" " ind2=" ">
      <subfield code="a">Title vignette; initials; tail-piece.</subfield>
    </datafield>
    <datafield tag="500" ind1=" " ind2=" ">
      <subfield code="a">Colophon: Heydelbergae M.D.LXXXV.</subfield>
    </datafield>
    <datafield tag="500" ind1=" " ind2=" ">
      <subfield code="a">The report is signed by Conrad Kolb von Wartenburgk der jünger Amptmann zu Lautern, Adrianus Lölemannus, Henricus Smetius, and Johann Jacob Theodorus.</subfield>
    </datafield>
    <datafield tag="510" ind1="4" ind2=" ">
      <subfield code="a">Verzeichnis der im deutschen Sprachbereich erschienenen Drucke des 16. Jahrhunderts (VD 16),</subfield>
      <subfield code="c">ZV 7104</subfield>
    </datafield>
    <datafield tag="510" ind1="4" ind2=" ">
      <subfield code="a">Van Someren, Pamfletten niet voorkomende in afzonderlijk gedrukte catalogi der verzamelingen in andere openbare Nederlandsche bibliotheken,</subfield>
      <subfield code="c">367</subfield>
    </datafield>
    <datafield tag="600" ind1="1" ind2="0">
      <subfield code="a">Binder, Katharina,</subfield>
      <subfield code="d">approximately 1558-</subfield>
    </datafield>
    <datafield tag="700" ind1="1" ind2=" ">
      <subfield code="a">Müller, Jakob,</subfield>
      <subfield code="d">active 1576-1586,</subfield>
      <subfield code="e">printer.</subfield>
      <subfield code="4">prt</subfield>
    </datafield>
    <datafield tag="700" ind1="1" ind2=" ">
      <subfield code="a">Kolb von Wartenburg, Konrad,</subfield>
      <subfield code="d">1558-1602,</subfield>
      <subfield code="e">associated name.</subfield>
      <subfield code="4">asn</subfield>
    </datafield>
    <datafield tag="700" ind1="1" ind2=" ">
      <subfield code="a">Lölemannus, Adrianus,</subfield>
      <subfield code="e">associated name.</subfield>
      <subfield code="4">asn</subfield>
    </datafield>
    <datafield tag="700" ind1="1" ind2=" ">
      <subfield code="a">Smet, Henrich,</subfield>
      <subfield code="d">1537-1614,</subfield>
      <subfield code="e">associated name.</subfield>
      <subfield code="4">asn</subfield>
      <subfield code="1">https://id.oclc.org/worldcat/entity/E39PBJcrhBM6C47vQV4pbwTj4q</subfield>
    </datafield>
    <datafield tag="700" ind1="1" ind2=" ">
      <subfield code="a">Diether, Johann Jacob,</subfield>
      <subfield code="d">1552 or 1553-</subfield>
      <subfield code="e">associated name.</subfield>
      <subfield code="4">asn</subfield>
      <subfield code="1">https://id.oclc.org/worldcat/entity/E39PBJvCV4hkPJTc9kbgPFGJXd</subfield>
    </datafield>
    <datafield tag="752" ind1=" " ind2=" ">
      <subfield code="a">Germany</subfield>
      <subfield code="d">Heidelberg,</subfield>
      <subfield code="e">publication place.</subfield>
      <subfield code="4">pup</subfield>
    </datafield>
  </record>